Flagi państw Ameryki Południowej - nagła śmierć - Statystyki

Ogólne statystyki
  • Ten quiz został rozwiązany 143 razy
  • Średni wynik to 9 z 13
Answers on the Grid
Answers color-coded by a green-red scale on the quiz's grid according to % correct below.
 
Statystyki odpowiedzi
Odpowiedź % Poprawnych
Wenezuela
84%
Chile
84%
Brazylia
82%
Ekwador
79%
Kolumbia
77%
Argentyna
77%
Urugwaj
77%
Paragwaj
70%
Boliwia
70%
Peru
68%
Surinam
64%
Gujana
61%
Trynidad i
Tobago
25%
Nie znaleziono quizów pasujących do podanych kryteriów
Rozkład punktacji
Procent ludzi z każdym wynikiem
Percentyl według liczby udzielonych odpowiedzi
Twoja historia wyników
Nie rozwiązałeś tego quizu